Normal view
MARC view
- Cheremisinoff, Paul N.
Entry Personal Name
001 - CONTROL NUMBER
- control field: 6357
003 - CONTROL NUMBER IDENTIFIER
- control field: NUST
005 - DATE AND TIME OF LATEST TRANSACTION
- control field: 20171114150613.0
008 - FIXED-LENGTH DATA ELEMENTS
- fixed length control field: 171114|| aca||aabn | a|a d
040 ## - CATALOGING SOURCE
- Original cataloging agency: NUST
- Transcribing agency: NUST
100 ## - HEADING--PERSONAL NAME
- Personal name: Cheremisinoff, Paul N.
670 ## - SOURCE DATA FOUND
- Source citation: Work cat.: (NUST)0: Cheremisinoff, Paul N., Handbook of water and wastewater treatment technology /, c1995.
